000 00337nam a22001217a 4500
999 _c18478
_d18478
008 200813b xxu||||| |||| 00| 0 eng d
020 _a1483118741
050 _aHV6028
_b.C43 1966 c.1
245 _aChanging concepts of crime and its treatment
_cEdited by Hugh J. Klare
300 _aix, 186p.
650 _acriminology
942 _2lcc
_cBK